Países con una cruz en su bandera! - Muerte súbita - Estadísticas

Estadísticas generales
  • Esta prueba ha sido intentada 385 veces
  • La puntuación promedio es 8 de 10
Answers on the Grid
Answers color-coded by a green-red scale on the quiz's grid according to % correct below.
Colombia
Dinamarca
Hungría
Eslovaquia
Finlandia
Polonia
Argentina
Grecia
Islandia
Chipre
Malta
Portugal
Noruega
Moldavia
Reino Unido
Suecia
Suiza
 
Estadísticas de respuestas
Respuesta % Correcto
Dinamarca
94%
Finlandia
89%
Grecia
87%
Islandia
86%
Suiza
83%
Suecia
82%
Noruega
81%
Malta
77%
Reino Unido
76%
Eslovaquia
62%
No se encontraron pruebas coincidentes
Distribución de puntuación
Porcentaje de gente con cada puntuación
Porcentaje por número respondido
Historial de tus puntuaciones
No has intentado esta prueba.